000 00323nam a2200133Ia 4500
008 191014s9999 xx 000 0 und d
020 _aLC 55-6170
082 _a530.12
_bSCH
100 _aLeonard I.Schiff
_920360
245 0 _aQuantum Mechanics
260 _aUSA
_bMc Graw Hill
_c1955
300 _aXii,417
942 _cBK
999 _c530937
_d530937